| 000 | 02386nam a22003137a 4500 | ||
|---|---|---|---|
| 003 | OSt | ||
| 005 | 20260327144822.0 | ||
| 008 | 260326t1971 xxu||||| |||| 00| 0 spa d | ||
| 020 | _a9788409401055 | ||
| 040 |
_aUnicoc _bspa _c00001 _d00001 |
||
| 082 | _a150.194 | ||
| 100 |
_912755 _aSkinner, Burrhus Frederic |
||
| 245 |
_aCiencia y conducta humana _b: una psicología científica _c/ Burrhus Frederic Skinner |
||
| 250 | _a2 Ed. | ||
| 260 |
_aEspaña : _bFontanella , _c1971 |
||
| 300 |
_a402 páginas _bTablas |
||
| 440 |
_912806 _aConducta humana _n3 |
||
| 500 | _aIncluye referencias bibliográficas, Incluye biografía de Skinner | ||
| 505 |
_tSección I: La posibilidad de una ciencia de la conducta. -- _tI. ¿Puede ayudar la ciencia?. -- _tII.Una ciencia de la conducta. -- _tIII.¿Por qué actúan los organismos?. -- _tSección II: El análisis de la conducta. -- _tIV. Reflejos y reflejos condicionados. -- _tV. Conducta operante. -- _tVI. Formación y mantenimiento de la conducta operante. -- _tVII. discriminación operante. -- _tVIII. Control ambiental. -- _tIX. Privacidad y saciedad. -- _tX. Emoción. -- _tXI. Aversión, evitación, ansiedad. -- _tXII Castigo. -- _tXIII. Rasgos, personalidad y conducta. -- _tXIV. El análisis de casos complejos. -- _tSección III: el individuo como un todo. -- _tXV. Autocontrol. -- _tXVI. Pensamiento. -- _tXVII. Los hechos internos en una ciencia natural. -- _tXVIII. Autoimagen. -- _tSección IV: La conducta de los individuos en el grupo. -- _tXIX. Conducta social. -- _tXX. Control personal.-- _tXXI. Control de grupo.-- _tSección V: Instancias que ejercen control. -- _tXXII. El gobierno y la ley. -- _tXXIII. Religión. -- _tXIV. Psicoterapia. -- _tXV. Control económico. -- _tXVI. Educación. -- _tSección VI: El control de la conducta humana. -- _tXVII. Cultura y control. -- _tXVI. Planificación de una cultura. |
||
| 526 | _5Unicoc | ||
| 546 | _aEspañol | ||
| 650 | 0 |
_912786 _aConducta humana |
|
| 650 | 0 |
_97815 _aConductismo (Psicología) |
|
| 650 | 0 |
_912798 _aAnálisis de la conducta |
|
| 650 | 0 |
_9453 _aPsicología _xCiencia y conducta |
|
| 658 | 0 |
_910741 _aPrograma de Psicología |
|
| 856 |
_yAcceso online exclusivo para comunidad Unicoc. _uhttps://unicoceduco-my.sharepoint.com/:b:/g/personal/direccionbiblioteca_unicoc_edu_co/IQAhAMiksZbuR5vwrBHFVyMwARcEN_wnHIkaSlD3eH3I0kw |
||
| 942 |
_2ddc _cEBOOK |
||
| 999 |
_c10788 _d10788 |
||